[Event "33rd Leon Blitz Open 2020"]
[Site "chess.com INT"]
[Date "2020.07.14"]
[Round "1"]
[White "Bykhovsky, Anatoly"]
[Black "Koellner, Ruben Gideon"]
[Result "1-0"]
[WhiteTitle "GM"]
[BlackTitle "FM"]
[WhiteElo "2496"]
[BlackElo "2376"]
[WhiteFideId "2806991"]
[BlackFideId "12993093"]
[EventDate "2020.07.14"]
[EventType "blitz"]

1. d4 d6 2. Nf3 Nf6 3. c4 g6 4. Nc3 Bf5 5. Nd2 e5 6. d5 e4 7. Nb3 Bg7 8. Nd4 Bd7
9. g3 O-O 10. Bg2 Re8 11. Bg5 h6 12. Bxf6 Qxf6 13. e3 Bf5 14. Qc2 Na6 15. O-O
Nb4 16. Qb1 a5 17. Nxf5 gxf5 18. Qd1 Nd3 19. Rb1 b6 20. Nb5 Nxb2 21. Qe2 Re7 22.
Bh3 Nd3 23. Qh5 Ne5 24. Qxf5 Qxf5 25. Bxf5 Nf3+ 26. Kg2 Bf6 27. Rbc1 Kg7 28.
Rfd1 Bb2 29. Rc2 Bf6 30. Bxe4 Nh4+ 31. gxh4 Rxe4 32. Nxc7 Rc8 33. Nb5 Rexc4 34.
Rxc4 Rxc4 35. Nxd6 Rc2 36. Ne8+ Kg6 37. h5+ Kf5 38. e4+ Ke5 39. Nxf6 Kxf6 40. d6
Rc8 41. f4 Ke6 42. Kf3 Kd7 43. e5 Rc3+ 44. Ke4 Rc2 45. f5 Rxa2 46. e6+ fxe6 47.
fxe6+ Kd8 48. Rg1 Re2+ 49. Kd5 Rd2+ 50. Kc6 Rc2+ 51. Kb7 1-0

[Event "33rd Leon Blitz Open 2020"]
[Site "chess.com INT"]
[Date "2020.07.14"]
[Round "1"]
[White "Manninen, Marko"]
[Black "Visakh, N R"]
[Result "0-1"]
[WhiteTitle "IM"]
[BlackTitle "GM"]
[WhiteElo "2377"]
[BlackElo "2516"]
[WhiteFideId "500690"]
[BlackFideId "25012223"]
[EventDate "2020.07.14"]
[EventType "blitz"]

1. d4 Nf6 2. c4 g6 3. Nf3 Bg7 4. g3 c6 5. Bg2 d5 6. cxd5 cxd5 7. O-O O-O 8. Ne5
Ng4 9. Nxg4 Bxg4 10. Nc3 Nc6 11. h3 Be6 12. e3 Rc8 13. Bd2 Qd6 14. Na4 b6 15.
Qb3 Qd7 16. Kh2 Rc7 17. Rac1 Rfc8 18. Qa3 h5 19. h4 Bf5 20. Rfe1 e6 21. b4 Bf8
22. Qb2 Nxb4 23. Rxc7 Rxc7 24. Nxb6 axb6 25. Bxb4 Qb5 26. Ba3 Qxb2 27. Bxb2 Rc2
28. Bc1 Rxf2 29. Kg1 Rxa2 30. e4 dxe4 31. Bxe4 Bb4 0-1

[Event "33rd Leon Blitz Open 2020"]
[Site "chess.com INT"]
[Date "2020.07.14"]
[Round "1"]
[White "Nguyen, Hong Anh"]
[Black "Swati, Mohota"]
[Result "1-0"]
[WhiteTitle "WIM"]
[BlackTitle "WFM"]
[WhiteElo "1970"]
[BlackElo "2027"]
[WhiteFideId "12406732"]
[BlackFideId "5006511"]
[EventDate "2020.07.14"]
[EventType "blitz"]

1. d4 e6 2. c4 b6 3. Nf3 Bb7 4. g3 Nf6 5. Bg2 Be7 6. O-O O-O 7. Nc3 d5 8. cxd5
exd5 9. Ne5 c6 10. e4 Nbd7 11. exd5 Nxe5 12. dxe5 Nxd5 13. Nxd5 cxd5 14. Be3 Rc8
15. Qa4 a6 16. Rfd1 Bc5 17. Bxc5 Rxc5 18. Rd4 Qc7 19. Re1 Rc1 20. Qb4 Rxe1+ 21.
Qxe1 Re8 22. Qd2 Qxe5 23. Bxd5 Bxd5 24. Rxd5 Qe1+ 25. Qxe1 Rxe1+ 26. Kg2 g6 27.
Rd8+ Kg7 28. Rd6 Re6 29. Rxe6 fxe6 30. Kf3 Kf6 31. Ke4 h5 32. h4 e5 33. Kd5 Kf5
34. a4 e4 35. Kd4 a5 36. b3 g5 37. hxg5 Kxg5 38. Kxe4 Kg4 39. Ke3 Kh3 40. Kf3
Kh2 41. g4 h4 42. g5 h3 43. g6 Kg1 44. g7 h2 45. g8=Q+ Kf1 46. Qh7 Kg1 47. Qxh2+
Kxh2 48. Ke4 Kg2 49. f4 1-0

[Event "33rd Leon Blitz Open 2020"]
[Site "chess.com INT"]
[Date "2020.07.14"]
[Round "1"]
[White "Pandey, Srishti"]
[Black "Sankalp, Gupta"]
[Result "0-1"]
[WhiteTitle "WFM"]
[BlackTitle "IM"]
[WhiteElo "2026"]
[BlackElo "2429"]
[WhiteFideId "35093290"]
[BlackFideId "5097010"]
[EventDate "2020.07.14"]
[EventType "blitz"]

1. d4 Nf6 2. c4 e6 3. Nf3 d5 4. g3 dxc4 5. Qa4+ Bd7 6. Qxc4 c5 7. Bg2 Bc6 8. O-O
Nbd7 9. Nc3 Rc8 10. Qd3 cxd4 11. Nxd4 Bxg2 12. Kxg2 Be7 13. Rd1 O-O 14. e4 Qa5
15. Nb3 Qh5 16. f3 Rfd8 17. Qe2 Ne5 18. Be3 a6 19. Na5 b5 20. a3 h6 21. Rac1
Rxd1 22. Rxd1 Bxa3 23. Nxb5 axb5 24. bxa3 Nxe4 25. g4 Nc3 26. Qxb5 Qg6 27. Qxe5
Nxd1 28. Bg1 Qc2+ 29. Kh1 Qc3 30. Bd4 Qxf3+ 31. Kg1 Qxg4+ 32. Kf1 Qf5+ 33. Qxf5
exf5 0-1

[Event "33rd Leon Blitz Open 2020"]
[Site "chess.com INT"]
[Date "2020.07.14"]
[Round "1"]
[White "Divya, Deshmukh"]
[Black "Melkumyan, Hrant"]
[Result "0-1"]
[WhiteTitle "WIM"]
[BlackTitle "GM"]
[WhiteElo "2305"]
[BlackElo "2663"]
[WhiteFideId "35006916"]
[BlackFideId "13302485"]
[EventDate "2020.07.14"]
[EventType "blitz"]

1. e4 c5 2. Nf3 Nc6 3. d4 cxd4 4. Nxd4 e5 5. Nb5 d6 6. N1c3 a6 7. Na3 b5 8. Nd5
Nf6 9. Bg5 Be7 10. Bxf6 Bxf6 11. c3 Bg5 12. Nc2 Rb8 13. Bd3 O-O 14. O-O Ne7 15.
Ncb4 Bb7 16. a4 a5 17. Nxe7+ Qxe7 18. Nc2 bxa4 19. Rxa4 Qc7 20. Qa1 Ra8 21. Rd1
Bc6 22. Ra2 g6 23. Na3 Rfb8 24. Nc4 a4 25. Bc2 Rd8 26. Bxa4 Bxe4 27. Bb3 Rxa2
28. Qxa2 Ra8 29. Na3 Qb7 30. f3 Be3+ 31. Kh1 Bxf3 32. Bxf7+ Kg7 33. Bd5 Bxd5 34.
Qxd5 Qxd5 35. Rxd5 Bc5 36. h3 Bxa3 37. bxa3 Ra6 38. Rxd6 Rxd6 0-1

[Event "33rd Leon Blitz Open 2020"]
[Site "chess.com INT"]
[Date "2020.07.14"]
[Round "1"]
[White "Eljanov, Pavel"]
[Black "Padmini, Rout"]
[Result "1-0"]
[WhiteTitle "GM"]
[BlackTitle "IM"]
[WhiteElo "2672"]
[BlackElo "2370"]
[WhiteFideId "14102951"]
[BlackFideId "5029295"]
[EventDate "2020.07.14"]
[EventType "blitz"]

1. e4 e5 2. Nf3 Nc6 3. Bc4 Nf6 4. d3 Be7 5. O-O O-O 6. Re1 d6 7. a4 Na5 8. Ba2
c5 9. Na3 a6 10. c3 Nc6 11. Bd2 Rb8 12. b4 cxb4 13. cxb4 b5 14. h3 d5 15. axb5
axb5 16. Nc2 h6 17. Bc3 d4 18. Bd2 Bd6 19. Qb1 Kh7 20. Rc1 Qe7 21. Qb2 g5 22.
Nh2 g4 23. Bd5 Nd8 24. Nxg4 Nxg4 25. hxg4 Bxg4 26. Ne1 Rg8 27. Ra6 Ne6 28. Rcc6
Rbd8 29. Qa1 Nf4 30. Bxf4 exf4 31. Ra7 Qe5 32. Rxf7+ Rg7 33. Qa7 Rxf7 34. Qxf7+
Kh8 35. Qg6 h5 36. Qh6# 1-0

[Event "33rd Leon Blitz Open 2020"]
[Site "chess.com INT"]
[Date "2020.07.14"]
[Round "1"]
[White "Kobalia, Mikhail"]
[Black "Demin, Vladimir"]
[Result "1-0"]
[WhiteTitle "GM"]
[BlackTitle "IM"]
[WhiteElo "2614"]
[BlackElo "2430"]
[WhiteFideId "4119150"]
[BlackFideId "4167457"]
[EventDate "2020.07.14"]
[EventType "blitz"]

1. e4 e5 2. Nf3 Nc6 3. Bb5 Bc5 4. O-O Nf6 5. Nxe5 Nxe4 6. Qe2 Nxe5 7. Qxe4 Qe7
8. d4 Nc6 9. Qxe7+ Bxe7 10. c3 d5 11. Bf4 Bd6 12. Re1+ Be6 13. Bxd6 cxd6 14. Nd2
Kd7 15. Nf1 a6 16. Bd3 g6 17. Ne3 Rhe8 18. a4 f5 19. g3 Rac8 20. a5 Ne7 21. Bc2
Nc6 22. Bb3 Ne7 23. h4 Rf8 24. Ng2 Bg8 25. Re2 h6 26. Rae1 Rce8 27. Nf4 g5 28.
hxg5 hxg5 29. Ba4+ Nc6 30. Bxc6+ bxc6 31. Ng6 Rxe2 32. Nxf8+ Ke8 33. Rxe2+ Kxf8
34. Re1 c5 35. dxc5 dxc5 36. Re5 Kg7 37. Rxf5 Kg6 38. Re5 Kf6 39. f4 gxf4 40.
gxf4 d4 41. Rxc5 d3 42. Kf2 1-0

[Event "33rd Leon Blitz Open 2020"]
[Site "chess.com INT"]
[Date "2020.07.14"]
[Round "1"]
[White "Vovk, Orest"]
[Black "Postny, Evgeny"]
[Result "0-1"]
[WhiteTitle "FM"]
[BlackTitle "GM"]
[WhiteElo "2315"]
[BlackElo "2600"]
[WhiteFideId "14113490"]
[BlackFideId "2804344"]
[EventDate "2020.07.14"]
[EventType "blitz"]

1. h4 d5 2. h5 e5 3. h6 Nxh6 4. d4 exd4 5. Bxh6 gxh6 6. Qxd4 Rg8 7. Nc3 Be6 8.
O-O-O Nc6 9. Qa4 Bg7 10. Nxd5 Bxd5 11. Rh5 Qf6 12. Rhxd5 Qxb2+ 13. Kd2 Qb4+ 14.
Qxb4 Nxb4 15. Rd3 Nxd3 16. cxd3 O-O-O 17. Nf3 Rd5 18. Rc1 Ra5 19. Rc2 Rd8 20. e3
Kb8 21. Kc1 Rd6 22. d4 c5 23. dxc5 Rc6 24. Bc4 Raxc5 25. Bb3 Rxc2+ 26. Bxc2 b5
27. Kd1 Kc7 28. Bb3 Rd6+ 29. Kc2 Rd7 30. Nh4 Kb6 31. Nf5 Bf8 32. e4 a5 33. Bd5
f6 34. g4 Rc7+ 35. Kb2 a4 36. f3 Bb4 37. Nxh6 a3+ 38. Kb3 Ka5 0-1

[Event "33rd Leon Blitz Open 2020"]
[Site "chess.com INT"]
[Date "2020.07.14"]
[Round "1"]
[White "Selbes, Tarik"]
[Black "Hess, Robert"]
[Result "1-0"]
[WhiteTitle "FM"]
[BlackTitle "GM"]
[WhiteElo "2235"]
[BlackElo "2591"]
[WhiteFideId "6302513"]
[BlackFideId "2022036"]
[EventDate "2020.07.14"]
[EventType "blitz"]

1. e4 g6 2. d4 Bg7 3. Nc3 a6 4. a4 d6 5. Be3 e6 6. Qd2 b6 7. f4 Bb7 8. Nf3 Nf6
9. d5 exd5 10. exd5 O-O 11. O-O-O Re8 12. h3 Nbd7 13. g4 Nc5 14. Bg2 b5 15. Bxc5
dxc5 16. Ne5 Nd7 17. Nc6 Qf6 18. g5 Qd6 19. Ne4 Qf8 20. a5 c4 21. h4 Nc5 22.
Rde1 Bxc6 23. dxc6 Nxe4 24. Rxe4 c3 25. Qd3 Rxe4 26. Bxe4 Qb4 27. b3 Qxa5 28.
Kd1 Re8 29. Ke2 Qb6 30. Kf3 Bf8 31. h5 Bd6 32. hxg6 fxg6 33. Bxg6 Re7 34. Bxh7+
Kg7 35. Qxc3+ Kf7 36. Qf6+ Ke8 37. Bg6+ Kd8 38. Rh8# 1-0

[Event "33rd Leon Blitz Open 2020"]
[Site "chess.com INT"]
[Date "2020.07.14"]
[Round "1"]
[White "Mogirzan, Matei-Valeriu"]
[Black "Arencibia Monduy, Antonio"]
[Result "0-1"]
[WhiteTitle "CM"]
[BlackTitle "CM"]
[WhiteElo "1813"]
[BlackElo "2148"]
[WhiteFideId "1257455"]
[BlackFideId "3507939"]
[EventDate "2020.07.14"]
[EventType "blitz"]

1. e4 c5 2. Nf3 d6 3. d4 cxd4 4. Nxd4 Nf6 5. Nc3 a6 6. f3 e5 7. Nb3 Be6 8. Be3
Be7 9. Qd2 Nbd7 10. O-O-O h5 11. Rg1 b5 12. Nd5 Bxd5 13. exd5 a5 14. Bxb5 a4 15.
Na1 a3 16. Nb3 O-O 17. g4 hxg4 18. fxg4 Nb6 19. g5 Na4 20. gxf6 Bxf6 21. bxa3 e4
22. Bd4 Nb6 23. Bxf6 Qxf6 24. Qd4 Qh6+ 25. Kb1 Rab8 26. Qd2 e3 27. Qd4 Na8 28.
Bc6 Nc7 29. Rd3 e2 30. Rdg3 f6 31. Qd2 Qxd2 32. Rxg7+ Kh8 33. Kb2 e1=Q 34. R1g3
Qxg3 35. Rxg3 Qd4+ 36. Kc1 Qf4+ 37. Kb2 Qe5+ 38. Kc1 Nxd5 0-1

[Event "33rd Leon Blitz Open 2020"]
[Site "chess.com INT"]
[Date "2020.07.14"]
[Round "1"]
[White "Vasli, Aref"]
[Black "Sarana, Alexey"]
[Result "0-1"]
[WhiteTitle "FM"]
[BlackTitle "GM"]
[WhiteElo "2371"]
[BlackElo "2654"]
[WhiteFideId "417521"]
[BlackFideId "24133795"]
[EventDate "2020.07.14"]
[EventType "blitz"]

1. e4 c5 2. Nf3 d6 3. Bb5+ Nd7 4. Ba4 Nf6 5. O-O e6 6. Re1 Be7 7. c3 O-O 8. d4
a6 9. Bc2 Qc7 10. Nbd2 Rd8 11. Nf1 b5 12. a4 Bb7 13. Ng3 b4 14. cxb4 cxb4 15. a5
Nf8 16. Bd2 Rab8 17. Bd3 Ng6 18. h4 Nf8 19. h5 h6 20. Qc1 Qd7 21. Qd1 Rdc8 22.
Qe2 Bd8 23. Red1 b3 24. Ra3 d5 25. e5 Ne4 26. Nxe4 dxe4 27. Bxe4 Bxe4 28. Qxe4
Be7 29. Raa1 Rc2 30. Bc3 Qb5 31. Qd3 Bb4 32. Qxb5 Rxb5 33. Bxb4 Rxb4 34. Rd2 Nd7
35. Kf1 Rxd2 36. Nxd2 Rxd4 37. Nxb3 Rb4 38. Rd1 Nxe5 39. Rd8+ Kh7 40. Nc5 Rxb2
41. Nd7 Nxd7 42. Rxd7 Rb5 43. Rxf7 Rxh5 44. Re7 Re5 45. f4 Rf5 46. g3 e5 47. Kf2
exf4 48. g4 Rxa5 49. Ra7 Kg6 50. Kf3 Ra4 51. Rb7 Kf6 52. Ra7 g6 53. Rh7 Kg5 0-1

[Event "33rd Leon Blitz Open 2020"]
[Site "chess.com INT"]
[Date "2020.07.14"]
[Round "1"]
[White "Altman, Joshua"]
[Black "Antipov, Mikhail Al."]
[Result "0-1"]
[WhiteTitle "CM"]
[BlackTitle "GM"]
[WhiteElo "1926"]
[BlackElo "2584"]
[WhiteFideId "426210"]
[BlackFideId "4107012"]
[EventDate "2020.07.14"]
[EventType "blitz"]

1. d4 Nf6 2. c4 g6 3. Nc3 d5 4. Bg5 Bg7 5. Bxf6 Bxf6 6. cxd5 c5 7. dxc5 Nd7 8.
e3 Nxc5 9. Nge2 Qb6 10. Qd2 Qxb2 11. Qxb2 Nd3+ 12. Kd2 Nxb2 13. Nd4 Bd7 14. Rb1
Na4 15. Nxa4 Bxa4 16. Rxb7 a6 17. Nc6 O-O 18. Nxe7+ Bxe7 19. Rxe7 Rab8 20. Bxa6
Rb2+ 21. Kd3 Rxa2 22. Bc4 Rxf2 23. d6 Rf6 24. d7 Rd8 25. Ra1 Bxd7 26. Kc3 Kf8
27. Re5 Rc8 28. Kd4 Rf2 29. Ra7 Be8 30. Ree7 Rd2+ 31. Kc3 Rxg2 32. Kb4 Rg4 33.
e4 Rf4 34. Kb3 h5 35. h3 g5 36. Bd5 Rd8 37. Ra1 Rf3+ 38. Kc4 Kxe7 39. Rg1 Kf6
40. h4 g4 41. Re1 Rf4 42. Re2 Ke5 43. Kc5 Bd7 0-1

[Event "33rd Leon Blitz Open 2020"]
[Site "chess.com INT"]
[Date "2020.07.14"]
[Round "1"]
[White "Iniyan, P"]
[Black "Nguyen, Thi Thanh An"]
[Result "1-0"]
[WhiteTitle "GM"]
[BlackTitle "WGM"]
[WhiteElo "2506"]
[BlackElo "2285"]
[WhiteFideId "25002767"]
[BlackFideId "12400300"]
[EventDate "2020.07.14"]
[EventType "blitz"]

1. e4 c5 2. Nf3 d6 3. d4 cxd4 4. Nxd4 Nf6 5. Nc3 g6 6. Be3 Bg7 7. f3 a6 8. Bc4
Qc7 9. Bb3 Nbd7 10. Qd2 h5 11. O-O-O b5 12. Kb1 Bb7 13. Nde2 Nb6 14. Nf4 Nc4 15.
Bxc4 Qxc4 16. Qd3 Rc8 17. Qxc4 Rxc4 18. Nce2 O-O 19. c3 a5 20. Nd3 Rfc8 21. Nd4
Ba6 22. Rc1 Nd7 23. Ne2 Ne5 24. Nxe5 Bxe5 25. Bd4 Bxd4 26. cxd4 b4 27. Rxc4 Bxc4
28. Nc1 Kg7 29. Rd1 Kf6 30. b3 Bb5 31. Kb2 Rc3 32. a4 Ba6 33. Rd2 g5 34. Rc2
Rxc2+ 35. Kxc2 e5 36. dxe5+ dxe5 37. Nd3 g4 38. fxg4 hxg4 39. h3 gxh3 40. gxh3
Bb7 41. Nc5 Bc6 42. Kd3 Kg5 43. Kc4 Kh4 44. Nd3 f6 45. Nf2 Kg3 46. Ng4 Kxh3 47.
Nxf6 Kg3 48. Kc5 Bb7 49. Kb6 Bc8 50. Kxa5 Kf4 51. Kxb4 1-0

[Event "33rd Leon Blitz Open 2020"]
[Site "chess.com INT"]
[Date "2020.07.14"]
[Round "1"]
[White "Stukan, Martin"]
[Black "Bommini, Mounika Akshaya"]
[Result "1-0"]
[WhiteTitle "FM"]
[BlackTitle "WFM"]
[WhiteElo "2325"]
[BlackElo "2029"]
[WhiteFideId "34171980"]
[BlackFideId "25019872"]
[EventDate "2020.07.14"]
[EventType "blitz"]

1. e4 e5 2. Nf3 Nc6 3. Bb5 a6 4. Ba4 Nf6 5. Bxc6 dxc6 6. d3 Bd6 7. O-O Bg4 8. h3
Bh5 9. Nbd2 Qd7 10. Nc4 Qe7 11. Qe2 O-O-O 12. Rb1 h6 13. b4 g5 14. g4 Nxg4 15.
hxg4 Bxg4 16. Ne3 Bh5 17. Kg2 g4 18. Ng1 Qh4 19. Qe1 Qf6 20. Nf5 Bg6 21. Nxd6+
cxd6 22. a4 h5 23. b5 axb5 24. axb5 c5 25. Qa5 d5 26. Qa8+ Kc7 27. b6+ Kc6 28.
Qa4+ Kd6 29. exd5 Ra8 30. Qb5 e4 31. Be3 Rhc8 32. d4 c4 33. Qb4+ Kxd5 34. Ne2
Qf3+ 35. Kg1 Qxe2 36. Qb5+ Kd6 37. Qe5+ Kd7 38. Bg5 Re8 39. Qd5+ Kc8 40. Rb5 Re6
41. Rc5+ 1-0

[Event "33rd Leon Blitz Open 2020"]
[Site "chess.com INT"]
[Date "2020.07.14"]
[Round "1"]
[White "Vantika, Agrawal"]
[Black "Khanin, Semen"]
[Result "0-1"]
[WhiteTitle "WIM"]
[BlackTitle "IM"]
[WhiteElo "2286"]
[BlackElo "2482"]
[WhiteFideId "25050389"]
[BlackFideId "4111990"]
[EventDate "2020.07.14"]
[EventType "blitz"]

1. d4 Nf6 2. c4 e6 3. g3 c5 4. d5 exd5 5. cxd5 d6 6. Nc3 g6 7. Nf3 Bg7 8. Bg2
O-O 9. O-O Nbd7 10. h3 Qe7 11. Bf4 Nh5 12. Bg5 f6 13. Bd2 f5 14. Ng5 Nb6 15. Ne6
Bxe6 16. dxe6 Rad8 17. a4 d5 18. a5 d4 19. Nb5 Nc4 20. Bc1 a6 21. Na3 Nd6 22.
Qb3 Rfe8 23. Bd2 Nf6 24. Rac1 Nfe4 25. Bf4 Qxe6 26. Qxe6+ Rxe6 27. f3 Nf6 28.
Rxc5 Rxe2 29. Rf2 d3 30. Bf1 Rxf2 31. Kxf2 Nfe4+ 32. fxe4 Nxe4+ 33. Kf3 Nxc5 34.
Nc4 Ne6 35. Bd2 Nd4+ 36. Kf2 Nb3 37. Bg5 Rd4 38. Nd2 Nxd2 39. Bxd2 Rd5 40. Bg2
Rb5 41. b4 Bf8 42. Bf1 Bxb4 43. Bxd3 Bc5+ 44. Ke1 Rb2 45. Bc3 Bb4 46. Bxb4 Rxb4
47. Kd2 Ra4 48. Kc3 Rxa5 49. Bc4+ Kg7 50. Kd4 Ra3 0-1

[Event "33rd Leon Blitz Open 2020"]
[Site "chess.com INT"]
[Date "2020.07.14"]
[Round "1"]
[White "Srdanovic, Jovana"]
[Black "Azaladze, Shota"]
[Result "1-0"]
[WhiteTitle "WFM"]
[BlackTitle "IM"]
[WhiteElo "2070"]
[BlackElo "2439"]
[WhiteFideId "954810"]
[BlackFideId "13603027"]
[EventDate "2020.07.14"]
[EventType "blitz"]

1. d4 Nf6 2. c4 d6 3. Nc3 Nbd7 4. e4 e5 5. d5 g6 6. Nge2 Bg7 7. Ng3 h5 8. Be2 h4
9. Nf1 Nc5 10. f3 a5 11. Bg5 Rh5 12. Qd2 Nfxe4 13. Bxd8 Nxd2 14. Bxc7 Nxf1 15.
Bxd6 Ne3 16. Bxc5 Nc2+ 17. Kf2 Nxa1 18. Rxa1 Bd7 19. Ne4 b6 20. Bxb6 f5 21. Nc3
Ke7 22. c5 Rb8 23. Rb1 Rhh8 24. Bxa5 Rhc8 25. c6 Bxc6 26. dxc6 Rxc6 27. Nd5+ Kf7
28. b4 Rc2 29. a4 e4 30. Rd1 Re8 31. f4 Ra2 32. Kf1 Rc8 33. Nb6 Rcc2 34. Bc4+
Rxc4 35. Nxc4 Rxa4 36. Ne5+ Kg8 37. Rd8+ Kh7 38. Rd7 Ra2 39. Bc7 Kh6 40. Bd6 Rb2
41. h3 e3 42. Nf7+ Kh5 43. Be5 Bxe5 44. fxe5 g5 45. e6 Kg6 46. Ne5+ Kf6 47. e7
Kxe5 48. e8=Q+ Kf4 49. Rd4+ Kg3 50. Qxe3+ Kh2 51. Qg1+ Kg3 52. Rd3+ 1-0

[Event "33rd Leon Blitz Open 2020"]
[Site "chess.com INT"]
[Date "2020.07.14"]
[Round "1"]
[White "De Abreu, Roberto N"]
[Black "Nguyen, Thanh Thuy Tien"]
[Result "0-1"]
[WhiteTitle "FM"]
[BlackTitle "WIM"]
[WhiteElo "2184"]
[BlackElo "1971"]
[WhiteFideId "14307472"]
[BlackFideId "12400998"]
[EventDate "2020.07.14"]
[EventType "blitz"]

1. d4 Nf6 2. c4 e6 3. g3 Bb4+ 4. Bd2 Be7 5. Bg2 c5 6. Nf3 Nc6 7. Nc3 cxd4 8. Nb5
e5 9. e3 d3 10. Bc3 e4 11. Nfd4 a6 12. Nxc6 dxc6 13. Na3 Bg4 14. Qd2 b5 15. Bxf6
Bxf6 16. Bxe4 Rc8 17. cxb5 cxb5 18. Bxd3 Bxb2 19. Bxb5+ axb5 20. Qxb2 Qa5+ 21.
Kf1 O-O 22. Kg2 b4 23. Nc2 Qd5+ 24. Kg1 Rxc2 25. Qxc2 Bf3 26. Re1 Be4 27. Qe2
Re8 28. Rf1 Bg2 29. h4 Bxf1 30. Qxf1 Rc8 31. Kh2 Qxa2 32. Qh3 Rc2 33. Rf1 Rxf2+
34. Kg1 Rxf1+ 35. Kxf1 Qc4+ 36. Kf2 b3 37. Qd7 Qc2+ 38. Kf3 h6 39. Qe8+ Kh7 40.
Qxf7 b2 41. e4 b1=Q 42. Qg6+ Kxg6 0-1

[Event "33rd Leon Blitz Open 2020"]
[Site "chess.com INT"]
[Date "2020.07.14"]
[Round "1"]
[White "Leenhouts, Koen"]
[Black "Narayanan, S.L."]
[Result "1/2-1/2"]
[WhiteTitle "IM"]
[BlackTitle "GM"]
[WhiteElo "2414"]
[BlackElo "2618"]
[WhiteFideId "1008439"]
[BlackFideId "5058422"]
[EventDate "2020.07.14"]
[EventType "blitz"]

1. d4 Nf6 2. c4 e6 3. Nc3 Bb4 4. Qc2 c5 5. dxc5 O-O 6. Nf3 Na6 7. g3 Nxc5 8. Bg2
Nfe4 9. O-O Bxc3 10. bxc3 d6 11. Rd1 f5 12. Nd2 Bd7 13. Nxe4 Ba4 14. Qd2 Nxe4
15. Bxe4 fxe4 16. Rf1 Qb6 17. Qd4 Qxd4 18. cxd4 Rfc8 19. Bf4 Rxc4 20. Bxd6 Rac8
21. Be5 Rc2 22. e3 Bb5 23. Rfb1 Ba6 24. h4 h6 25. g4 b6 26. Kg2 Be2 27. Kg3 g5
28. hxg5 hxg5 29. Rh1 Rf8 30. Rh8+ Kf7 31. Rxf8+ Kxf8 32. Bf6 b5 33. a3 a5 34.
Bxg5 Bc4 35. Bf4 Kf7 36. Bc7 b4 37. axb4 axb4 38. Be5 b3 39. Ra7+ Ke8 40. g5 b2
41. Rb7 Ba2 42. Rb8+ Kf7 43. Rb7+ Ke8 44. Rb8+ Ke7 45. Rb7+ Ke8 1/2-1/2

[Event "33rd Leon Blitz Open 2020"]
[Site "chess.com INT"]
[Date "2020.07.14"]
[Round "1"]
[White "Svane, Frederik"]
[Black "Rottenwohrer Suarez, Juan"]
[Result "1-0"]
[WhiteTitle "FM"]
[BlackTitle "CM"]
[WhiteElo "2421"]
[BlackElo "2197"]
[WhiteFideId "12923044"]
[BlackFideId "32068182"]
[EventDate "2020.07.14"]
[EventType "blitz"]

1. e4 c5 2. Nf3 g6 3. d4 cxd4 4. Nxd4 Nc6 5. Nc3 Bg7 6. Nb3 Bxc3+ 7. bxc3 Nf6 8.
Bd3 d5 9. exd5 Qxd5 10. O-O O-O 11. c4 Qd6 12. Bb2 Ng4 13. g3 Rd8 14. Qe2 Be6
15. Rfe1 a5 16. a4 Nb4 17. Nd4 Bd7 18. Qxe7 Qb6 19. c5 Qc7 20. Nb5 Qc6 21. Nd6
Rf8 22. h3 Nxd3 23. cxd3 Nxf2 24. Qf6 Qh1+ 25. Kxf2 Qh2+ 26. Kf3 Bc6+ 27. Ne4
Qxb2 28. Qxb2 f5 29. Qb3+ Kg7 30. Kg2 fxe4 31. dxe4 Rae8 32. Qc3+ Kg8 33. Qc4+
Kg7 34. Rad1 Re7 35. Kg1 Rfe8 36. e5 Rf7 37. Rd3 Ref8 38. e6 Rf2 39. Qd4+ Kg8
40. Qxf2 1-0

[Event "33rd Leon Blitz Open 2020"]
[Site "chess.com INT"]
[Date "2020.07.14"]
[Round "1"]
[White "Skuhala, Barbara"]
[Black "Das, Sayantan"]
[Result "0-1"]
[WhiteTitle "WFM"]
[BlackTitle "IM"]
[WhiteElo "2089"]
[BlackElo "2431"]
[WhiteFideId "14605465"]
[BlackFideId "5034426"]
[EventDate "2020.07.14"]
[EventType "blitz"]

1. e4 e6 2. d4 d5 3. Nc3 Nf6 4. Bg5 dxe4 5. Nxe4 Nbd7 6. Nxf6+ Nxf6 7. Nf3 Be7
8. Bxf6 Bxf6 9. Qd2 c5 10. Bb5+ Bd7 11. Bxd7+ Qxd7 12. O-O-O cxd4 13. Nxd4 O-O
14. Nf3 Qb5 15. c3 Rac8 16. Nd4 Qa5 17. Kb1 Rfd8 18. Qe3 h6 19. Nb3 Qf5+ 20. Ka1
b6 21. h3 Qc2 22. Rc1 Qd3 23. Qxd3 Rxd3 24. Rhe1 Rcd8 25. a3 a5 26. Ka2 a4 27.
Na1 Rd2 28. Rc2 Be7 29. Kb1 Bc5 30. f3 g5 31. Rec1 Kg7 32. Rxd2 Rxd2 33. Rc2 Rd3
34. Ka2 h5 35. b3 axb3+ 36. Nxb3 Bd6 37. Nd4 h4 38. a4 Kf6 39. Kb3 Rd1 40. Kc4
Ra1 41. Kb5 Rb1+ 42. Kc6 Bc5 43. Rd2 Rc1 44. Nb3 Rxc3 45. Nxc5 bxc5 46. a5 Ra3
47. Kb5 c4 48. Rc2 c3 0-1

[Event "33rd Leon Blitz Open 2020"]
[Site "chess.com INT"]
[Date "2020.07.14"]
[Round "1"]
[White "Gabrielian, Artur"]
[Black "Kathmale, Sameer"]
[Result "1-0"]
[WhiteTitle "GM"]
[BlackTitle "IM"]
[WhiteElo "2463"]
[BlackElo "2330"]
[WhiteFideId "4131002"]
[BlackFideId "5024498"]
[EventDate "2020.07.14"]
[EventType "blitz"]

1. e4 c6 2. d4 d5 3. Nd2 dxe4 4. Nxe4 Bf5 5. Ng3 Bg6 6. c3 Nf6 7. Nh3 e6 8. Nf4
Bd6 9. h4 Qc7 10. Qf3 Nbd7 11. h5 Bc2 12. h6 g6 13. Bd3 Bxd3 14. Nxd3 Nd5 15.
Ne4 O-O 16. Nxd6 Qxd6 17. O-O e5 18. Qg3 Rae8 19. Re1 f6 20. Bd2 Qe6 21. c4 N5b6
22. Bb4 Rf7 23. b3 e4 24. Nf4 Qf5 25. Re3 Nf8 26. Rae1 a5 27. Bxf8 Kxf8 28. f3
Rfe7 29. Qg4 Qxg4 30. fxg4 Kf7 31. Nh3 g5 32. Nf2 Kg6 33. Nxe4 Kxh6 34. Kf2 Kg6
35. Nd6 Rxe3 36. Rxe3 Rd8 37. Nxb7 Rxd4 38. Nxa5 c5 39. Nb7 Nd7 40. a4 Ne5 41.
Ke2 Nxg4 42. Re7 h5 43. a5 Rd8 44. Nxd8 1-0